| Tag |
First Indicator |
Second Indicator |
Subfields |
| LEADER |
00000pam a2200000 a 4500 |
| 001 |
in00000076943 |
| 005 |
20151008055008.0 |
| 008 |
810803s1981 nyua b 00000 eng |
| 010 |
|
|
|a 81012883
|
| 020 |
|
|
|a 012079151X
|
| 035 |
|
|
|a (OCoLC)07738937
|
| 035 |
|
|
|9 AAJ2267AM
|
| 039 |
0 |
|
|a 2
|b 3
|c 3
|d 3
|e 3
|
| 040 |
|
|
|a DLC
|c DLC
|d TXA
|d UtOrBLW
|
| 049 |
|
|
|a TXAM
|c [1361453]
|
| 050 |
0 |
0 |
|a TK5103.59
|b .F86 1981
|
| 082 |
0 |
|
|a 621.38/0414
|2 19
|
| 245 |
0 |
0 |
|a Fundamentals of optical fiber communications /
|c edited by Michael K. Barnoski.
|
| 250 |
|
|
|a 2nd ed.
|
| 264 |
|
1 |
|a New York :
|b Academic Press,
|c 1981.
|
| 300 |
|
|
|a xi, 351 pages :
|b illustrations ;
|c 24 cm.
|
| 336 |
|
|
|a text
|b txt
|2 rdacontent
|
| 337 |
|
|
|a unmediated
|b n
|2 rdamedia
|
| 338 |
|
|
|a volume
|b nc
|2 rdacarrier
|
| 504 |
|
|
|a Includes bibliographical references.
|
| 505 |
0 |
|
|a Optical fiber waveguides / Donald B. Keck -- Optical fiber cable / James E. Goell -- Coupling components for optical fiber waveguides / M.K. Baronski -- Electroluminescent sources for fiber systems / H. Kressel -- Photodetectors for fiber systems / Steward D. Personick -- Design of receivers and transmitters for fiber systems / S.D. Personick -- Design considerations for multiterminal networks / M.K. Baronski.
|
| 650 |
|
0 |
|a Optical communications.
|
| 650 |
|
0 |
|a Fiber optics.
|
| 700 |
1 |
|
|a Barnoski, Michael K.,
|d 1940-
|
| 999 |
|
|
|a MARS
|
| 999 |
f |
f |
|s 5b30f888-ff67-3aeb-9b3d-729aa0b0ddcb
|i ca7e6cc3-6ee6-30c6-8718-1d46b298b8a9
|t 0
|
| 952 |
f |
f |
|p ric
|a Texas A&M University
|b Rellis Campus
|c Joint Library Facility
|d Remote Storage
|t 0
|e TK5103.59 .F86 1981
|h Library of Congress classification
|i unmediated -- volume
|m A14806251321
|
| 998 |
f |
f |
|a TK5103.59 .F86 1981
|t 0
|l Remote Storage
|